rajouts MATIERE(S) - Statistiques

Statistiques générales
  • Ce quiz a été pris 6 fois
  • Le résultat moyen est 2 sur 38
Statistiques - réponses
lettre mot % Correct
MATIERE + D diamètre
50%
MATIERE + S matières
50%
MATIERE + L matériel
33%
MATIERES + L matériels
33%
MATIERES + D diamètres
17%
MATIERE + C matricée
17%
MATIERE + S artémise
0%
MATIERES + S artémise
0%
MATIERES + Y asymétrie
0%
MATIERES + C camériste
0%
MATIERES + C céramiste
0%
MATIERES + N émerisant
0%
MATIERE + T éméritat
0%
MATIERES + T éméritats
0%
MATIERE + I émiratie
0%
MATIERES + I émiraties
0%
MATIERE + N entr'aimé
0%
MATIERES + N entr'aimés
0%
MATIERE + G ermitage
0%
MATIERES + G ermitages
0%
MATIERES + G magistère
0%
MATIERES + S maîtresse
0%
MATIERES + I maitrisée
0%
MATIERE + L malterie
0%
MATIERES + L malteries
0%
MATIERE + M marmitée
0%
MATIERES + M marmitées
0%
MATIERES + N maternisé
0%
MATIERES + C matricées
0%
MATIERES + H méhariste
0%
MATIERE + I métairie
0%
MATIERES + I métairies
0%
MATIERES + O mortaisée
0%
MATIERE + N natrémie
0%
MATIERES + N natrémies
0%
MATIERES + P spermatie
0%
MATIERES + I tamiserie
0%
MATIERES + I tamisière
0%
Aucun quiz correspondant
Distribution des résultats
% des personnes avec chaque résultat
Percentile par nombre de réponses
Votre historique - résultats
Vous n’avez pas pris ce quiz